[Event "Ronne Jubilaum"]
[Site "Ronne"]
[Date "2001.06.29"]
[Round "8"]
[White "Tetenkina, Irina"]
[Black "Demina, Julia"]
[Result "1/2-1/2"]
[WhiteElo "2221"]
[BlackElo "2350"]
[PlyCount "20"]
[EventDate "2001.??.??"]
[EventType "swiss"]
[EventRounds "9"]
[EventCountry "DEN"]
[SourceDate "2005.12.01"]

1. c4 e5 2. Nc3 Nf6 3. Nf3 Nc6 4. d4 exd4 5. Nxd4 Bb4 6. Nxc6 bxc6 7. Qd4 Qe7
8. Bg5 O-O 9. e3 h6 10. Bh4 c5 1/2-1/2

[Event "Ronne Jubilaum"]
[Site "Ronne"]
[Date "2001.06.29"]
[Round "8"]
[White "Aaberg, Anton"]
[Black "Hautala, Roman"]
[Result "1/2-1/2"]
[WhiteElo "2266"]
[BlackElo "2182"]
[PlyCount "75"]
[EventDate "2001.??.??"]
[EventType "swiss"]
[EventRounds "9"]
[EventCountry "DEN"]
[SourceDate "2005.12.01"]

1. d4 Nf6 2. c4 g6 3. g3 Bg7 4. Bg2 O-O 5. Nc3 d6 6. Nf3 Nc6 7. O-O a6 8. d5
Na5 9. Nd2 c5 10. Qc2 Rb8 11. b3 b5 12. Bb2 bxc4 13. bxc4 Bh6 14. f4 e5 15.
dxe6 Bxe6 16. Nd5 Bxd5 17. Bxd5 Ng4 18. Rf3 Rxb2 19. Qxb2 Bg7 20. Qc1 Bxa1 21.
Qxa1 Qe7 22. e4 Rc8 23. e5 dxe5 24. h3 Nh6 25. Qxe5 Nc6 26. Qxe7 Nxe7 27. g4
Nxd5 28. cxd5 Rd8 29. Rd3 f5 30. g5 Nf7 31. Kf1 Nd6 32. Ke2 Nb5 33. Nf3 c4 34.
Re3 Rxd5 35. Re8+ Kf7 36. Rc8 Nd4+ 37. Nxd4 Rxd4 38. Rc7+ 1/2-1/2

[Event "Ronne Jubilaum"]
[Site "Ronne"]
[Date "2001.06.29"]
[Round "8"]
[White "Larsen, Karsten"]
[Black "Eriksson, Bo"]
[Result "1-0"]
[WhiteElo "2304"]
[BlackElo "2232"]
[PlyCount "118"]
[EventDate "2001.??.??"]
[EventType "swiss"]
[EventRounds "9"]
[EventCountry "DEN"]
[SourceDate "2005.12.01"]

1. e4 c5 2. Nf3 e6 3. d3 g6 4. d4 Bg7 5. Bg5 Qa5+ 6. Bd2 Qc7 7. Nc3 a6 8. dxc5
Qxc5 9. Bd3 d6 10. O-O Nd7 11. Be3 Qc7 12. Qd2 Ngf6 13. Bh6 O-O 14. Rad1 b5 15.
Bxg7 Kxg7 16. Rfe1 Bb7 17. a3 Rfd8 18. Qf4 Ne5 19. Re3 Nfg4 20. Re2 Rac8 21.
Nxe5 Nxe5 22. Re3 Qe7 23. Qg3 Nc4 24. Bxc4 Rxc4 25. f3 Rc7 26. Red3 Rcd7 27.
Ne2 a5 28. Qe1 Ra8 29. Nd4 Qd8 30. Kh1 Qb6 31. c3 d5 32. e5 b4 33. axb4 axb4
34. cxb4 Ra4 35. b5 Qd8 36. f4 Rc7 37. Kg1 Rc5 38. g4 Qb6 39. Qf2 Kg8 40. f5
Bc8 41. fxg6 hxg6 42. Rf1 Rc7 43. b3 Rb4 44. h4 Qc5 45. h5 g5 46. Qe3 Kh7 47.
Kh2 f5 48. gxf5 exf5 49. e6 Qd6+ 50. Kh1 f4 51. Qd2 Rxd4 52. Rxd4 Qxe6 53. Kg1
Bb7 54. Qd3+ Kh8 55. Kh2 Rh7 56. Qf3 Qf7 57. Kg1 Rxh5 58. Re1 Rh6 59. Re5 Rg6
1-0

[Event "Ronne Jubilaum"]
[Site "Ronne"]
[Date "2001.06.29"]
[Round "8"]
[White "Golovchenko, Gleb"]
[Black "Rendboe, John Filip"]
[Result "1/2-1/2"]
[WhiteElo "2106"]
[BlackElo "2259"]
[PlyCount "33"]
[EventDate "2001.??.??"]
[EventType "swiss"]
[EventRounds "9"]
[EventCountry "DEN"]
[SourceDate "2005.12.01"]

1. d4 d5 2. c4 e6 3. Nc3 Nf6 4. Bg5 Be7 5. e3 O-O 6. Nf3 h6 7. Bh4 b6 8. cxd5
exd5 9. Bd3 Be6 10. O-O Nbd7 11. Rc1 c5 12. Bb1 a6 13. a4 Re8 14. Qd3 g6 15.
Qe2 Qb8 16. Rfd1 Qb7 17. dxc5 1/2-1/2

[Event "Ronne Jubilaum"]
[Site "Ronne"]
[Date "2001.06.29"]
[Round "8"]
[White "Hoi, Carsten"]
[Black "Hafner, Christian"]
[Result "1-0"]
[WhiteElo "2404"]
[BlackElo "2111"]
[PlyCount "76"]
[EventDate "2001.??.??"]
[EventType "swiss"]
[EventRounds "9"]
[EventCountry "DEN"]
[SourceDate "2005.12.01"]

1. d4 d5 2. Nf3 Nf6 3. c4 c6 4. Nc3 dxc4 5. a4 Bf5 6. e3 e6 7. Bxc4 Bb4 8. O-O
Nbd7 9. Bd3 Bxd3 10. Qxd3 O-O 11. Rd1 Qa5 12. e4 e5 13. Be3 Rad8 14. Qc2 Ng4
15. Bg5 f6 16. Bh4 exd4 17. Nxd4 Bxc3 18. bxc3 Nc5 19. h3 Ne5 20. Bg3 Kh8 21.
Kh2 Qa6 22. f3 Qc4 23. a5 Ned3 24. Nf5 Nb4 25. Qb2 Nbd3 26. Qa3 Qe6 27. Rd2 g6
28. Nd4 Qc4 29. Rad1 Rfe8 30. a6 Qxa6 31. Qxa6 bxa6 32. Nxc6 Rc8 33. Nxa7 Ra8
34. Nc6 Rec8 35. Ne7 Re8 36. Nd5 f5 37. Nc7 fxe4 38. Nxe8 Rxe8 1-0

[Event "Ronne Jubilaum"]
[Site "Ronne"]
[Date "2001.06.29"]
[Round "8"]
[White "Bernhardsson, Sten"]
[Black "Hauschild, Andreas"]
[Result "1-0"]
[WhiteElo "2291"]
[BlackElo "2290"]
[PlyCount "73"]
[EventDate "2001.??.??"]
[EventType "swiss"]
[EventRounds "9"]
[EventCountry "DEN"]
[SourceDate "2005.12.01"]

1. d4 d5 2. c4 e6 3. Nf3 c6 4. Nc3 dxc4 5. e3 b5 6. a4 Bb4 7. Bd2 a5 8. Ne5 Nf6
9. Be2 Bb7 10. O-O Bxc3 11. bxc3 Ne4 12. Rb1 Nd6 13. Rb2 O-O 14. Qb1 Nd7 15.
Bf3 Qc7 16. Nxd7 Qxd7 17. e4 f5 18. e5 Ne4 19. Bxe4 fxe4 20. axb5 a4 21. bxc6
Bxc6 22. Rb4 a3 23. Qa2 e3 24. Bxe3 Qd5 25. f3 Ba4 26. Qxa3 Bb3 27. Qc1 Ra2 28.
Rf2 Rfa8 29. Rxa2 Rxa2 30. Rb8+ Kf7 31. Qe1 Bc2 32. Qh4 h6 33. Qf4+ Kg6 34. Qf8
Qd7 35. h4 Bf5 36. g4 Ra1+ 37. Kh2 1-0

[Event "Ronne Jubilaum"]
[Site "Ronne"]
[Date "2001.06.29"]
[Round "8"]
[White "Petersen, Tom Petri"]
[Black "Lindberg, Henrik"]
[Result "1/2-1/2"]
[WhiteElo "2098"]
[BlackElo "2210"]
[PlyCount "59"]
[EventDate "2001.??.??"]
[EventType "swiss"]
[EventRounds "9"]
[EventCountry "DEN"]
[SourceDate "2005.12.01"]

1. e4 c5 2. Nc3 Nc6 3. g3 g6 4. Bg2 Bg7 5. d3 d6 6. f4 e6 7. Nf3 Nge7 8. O-O
O-O 9. Be3 Nd4 10. Qd2 Rb8 11. Nd1 b6 12. c3 Nxf3+ 13. Bxf3 Bb7 14. Qg2 Qd7 15.
g4 f5 16. Nf2 d5 17. Rad1 d4 18. Bd2 Qb5 19. c4 Qxb2 20. Nh3 Bf6 21. Qe2 fxg4
22. Bxg4 Bc8 23. a4 Qc2 24. Ra1 e5 25. fxe5 Bg7 26. Rxf8+ Kxf8 27. e6 Kg8 28.
Qf2 Qxd3 29. Qf7+ Kh8 30. Qe8+ 1/2-1/2

[Event "Ronne Jubilaum"]
[Site "Ronne"]
[Date "2001.06.29"]
[Round "8"]
[White "Scholvin, Bjoern"]
[Black "Henriksen, Geir I"]
[Result "1/2-1/2"]
[WhiteElo "2122"]
[BlackElo "2209"]
[PlyCount "83"]
[EventDate "2001.??.??"]
[EventType "swiss"]
[EventRounds "9"]
[EventCountry "DEN"]
[SourceDate "2005.12.01"]

1. e4 c5 2. Nf3 Nc6 3. Bb5 g6 4. O-O Bg7 5. c3 Nf6 6. Re1 O-O 7. d4 d5 8. exd5
Qxd5 9. c4 Qd6 10. d5 Nd4 11. Nxd4 cxd4 12. Nd2 a6 13. Ba4 b5 14. cxb5 axb5 15.
Bxb5 Qxd5 16. Be2 Ra7 17. Bf3 Qd6 18. Nc4 Qc5 19. b3 Be6 20. Bb2 Nd5 21. Bxd5
Bxd5 22. Ne5 Ba8 23. Bxd4 Qd5 24. Nf3 Bxd4 25. Qxd4 Qa5 26. Re5 Qa3 27. Re3 Rc7
28. h4 Rc1+ 29. Rxc1 Qxc1+ 30. Re1 Qc2 31. Rxe7 Bxf3 32. gxf3 Qxa2 33. h5 Qa3
34. Re3 Ra8 35. Kg2 Qf8 36. f4 Qg7 37. Qxg7+ Kxg7 38. hxg6 fxg6 39. b4 Rb8 40.
Rb3 Rb5 41. Kf3 Kf6 42. Ke4 1/2-1/2

[Event "Ronne Jubilaum"]
[Site "Ronne"]
[Date "2001.06.29"]
[Round "8"]
[White "Solem, Trond"]
[Black "Sandstrom, Anders"]
[Result "0-1"]
[WhiteElo "2185"]
[BlackElo "1894"]
[PlyCount "84"]
[EventDate "2001.??.??"]
[EventType "swiss"]
[EventRounds "9"]
[EventCountry "DEN"]
[SourceDate "2005.12.01"]

1. d4 Nf6 2. c4 c5 3. d5 e6 4. Nc3 exd5 5. cxd5 d6 6. e4 g6 7. f4 Bg7 8. Bb5+
Nfd7 9. a4 Qh4+ 10. g3 Qd8 11. Nf3 a6 12. Be2 O-O 13. O-O Nf6 14. e5 dxe5 15.
fxe5 Ng4 16. Bf4 Nd7 17. e6 fxe6 18. Ng5 Bd4+ 19. Kg2 Rxf4 20. Bxg4 Rxf1 21.
Qxf1 Ne5 22. Nxe6 Nxg4 23. Nxd8 Ne3+ 24. Kf3 Nxf1 25. Ne6 Bxe6 26. dxe6 Ne3 27.
Re1 Rf8+ 28. Ke4 Re8 29. Kd3 c4+ 30. Kd2 Rxe6 31. Nd5 c3+ 32. Kd3 cxb2 33. Rb1
Nf5 34. g4 Rd6 35. Ke4 Rc6 36. Ne7+ Nxe7 37. Kxd4 Rc2 38. h4 Nc6+ 39. Kd3 Nb4+
40. Kd4 b6 41. h5 g5 42. Ke5 Nd3+ 0-1

[Event "Ronne Jubilaum"]
[Site "Ronne"]
[Date "2001.06.29"]
[Round "8"]
[White "Schultz Pedersen, Jesper"]
[Black "Lilja, Richard"]
[Result "1/2-1/2"]
[WhiteElo "2206"]
[BlackElo "2104"]
[PlyCount "40"]
[EventDate "2001.??.??"]
[EventType "swiss"]
[EventRounds "9"]
[EventCountry "DEN"]
[SourceDate "2005.12.01"]

1. e4 e5 2. Nf3 Nc6 3. Bc4 Nf6 4. d3 Bc5 5. O-O d6 6. c3 O-O 7. b4 Bb6 8. a4 a5
9. b5 Ne7 10. Bg5 Ng6 11. Nbd2 h6 12. Be3 Bxe3 13. fxe3 Qe7 14. Qe1 Be6 15. Nh4
Nxh4 16. Qxh4 Rae8 17. Rf3 Bxc4 18. Nxc4 b6 19. Rg3 Kh7 20. Rf1 Nd7 1/2-1/2

[Event "Ronne Jubilaum"]
[Site "Ronne"]
[Date "2001.06.29"]
[Round "8"]
[White "Poley, Vladimir"]
[Black "Brauer, Christian"]
[Result "1-0"]
[WhiteElo "2361"]
[BlackElo "2286"]
[PlyCount "51"]
[EventDate "2001.??.??"]
[EventType "swiss"]
[EventRounds "9"]
[EventCountry "DEN"]
[SourceDate "2005.12.01"]

1. Nf3 d5 2. g3 Nf6 3. Bg2 c6 4. O-O Bf5 5. d3 e6 6. c4 Nbd7 7. Be3 h6 8. Qb3
Qc8 9. Nc3 Be7 10. Rac1 O-O 11. cxd5 Nxd5 12. Nxd5 exd5 13. Nd4 Be6 14. Nxe6
fxe6 15. Bh3 Nf6 16. Bd4 Qd7 17. e4 Nh7 18. f4 Bf6 19. e5 Be7 20. Qd1 Rf7 21.
Qh5 Nf8 22. f5 Bg5 23. fxe6 Rxf1+ 24. Rxf1 Nxe6 25. Qg6 Re8 26. Bf5 1-0

[Event "Ronne Jubilaum"]
[Site "Ronne"]
[Date "2001.06.29"]
[Round "8"]
[White "Eidelson, Rakhil"]
[Black "Johansson, Pelle"]
[Result "1/2-1/2"]
[WhiteElo "2280"]
[BlackElo "2078"]
[PlyCount "86"]
[EventDate "2001.??.??"]
[EventType "swiss"]
[EventRounds "9"]
[EventCountry "DEN"]
[SourceDate "2005.12.01"]

1. Nf3 Nf6 2. g3 d5 3. Bg2 Bf5 4. d3 e6 5. O-O h6 6. Nbd2 Be7 7. Qe1 Bh7 8. b3
Nbd7 9. Bb2 O-O 10. e4 c6 11. Qe2 a5 12. a3 b5 13. Kh1 a4 14. b4 c5 15. bxc5
Nxc5 16. Nd4 Qd7 17. exd5 Nxd5 18. N2f3 f6 19. Nd2 e5 20. N4f3 Rac8 21. Rfe1
Bd6 22. Rad1 Nb6 23. Nh4 Ne6 24. Ne4 Nd4 25. Bxd4 exd4 26. Nxd6 Qxd6 27. Qe6+
Qxe6 28. Rxe6 Nd7 29. Bd5 Kh8 30. Re2 Ne5 31. Be6 Rc6 32. Bh3 g5 33. f4 gxh4
34. fxe5 fxe5 35. Rxe5 hxg3 36. hxg3 Rxc2 37. Rxb5 Rc3 38. Rb4 Rxd3 39. Rxd3
Bxd3 40. Rxd4 Bc2 41. Bg2 Rc8 42. Be4 Bxe4+ 43. Rxe4 Rc3 1/2-1/2

[Event "Ronne Jubilaum"]
[Site "Ronne"]
[Date "2001.06.29"]
[Round "8"]
[White "Hartvig, Ove Weiss"]
[Black "Henrichsen, Jens"]
[Result "1-0"]
[WhiteElo "2285"]
[BlackElo "2051"]
[PlyCount "77"]
[EventDate "2001.??.??"]
[EventType "swiss"]
[EventRounds "9"]
[EventCountry "DEN"]
[SourceDate "2005.12.01"]

1. e4 c5 2. Nf3 Nc6 3. d4 cxd4 4. Nxd4 Qc7 5. Nc3 e6 6. Ndb5 Qb8 7. Be3 b6 8.
a4 a6 9. Na3 Qc7 10. Nc4 Rb8 11. Qd2 Nf6 12. Bf4 e5 13. Bg5 Bb4 14. Bxf6 gxf6
15. Qh6 b5 16. axb5 axb5 17. Qxf6 O-O 18. Qg5+ Kh8 19. Qf6+ Kg8 20. Ne3 Bxc3+
21. bxc3 Ne7 22. Qxe7 Qxc3+ 23. Ke2 d6 24. Qg5+ Kh8 25. Qf6+ Kg8 26. Qg5+ Kh8
27. Qf6+ Kg8 28. Rd1 b4 29. Rxd6 b3 30. Qg5+ Kh8 31. Qf6+ Kg8 32. cxb3 Rxb3 33.
Qg5+ Kh8 34. Qf6+ Kg8 35. Kf3 Bb7 36. Qg5+ Kh8 37. Qf6+ Kg8 38. Bd3 Rb4 39. h4
1-0

[Event "Ronne Jubilaum"]
[Site "Ronne"]
[Date "2001.06.29"]
[Round "8"]
[White "Angskog, Kent"]
[Black "Taksrud, Vidar"]
[Result "1-0"]
[WhiteElo "2160"]
[BlackElo "1944"]
[PlyCount "117"]
[EventDate "2001.??.??"]
[EventType "swiss"]
[EventRounds "9"]
[EventCountry "DEN"]
[SourceDate "2005.12.01"]

1. Nf3 c5 2. e4 e6 3. c4 Nc6 4. Nc3 Qc7 5. Be2 Nf6 6. O-O a6 7. d4 cxd4 8. Nxd4
Bd6 9. h3 Be5 10. Be3 Nxd4 11. Bxd4 O-O 12. Qd3 Bxd4 13. Qxd4 d6 14. Rfd1 Ne8
15. Na4 e5 16. Qb6 Qxb6 17. Nxb6 Rb8 18. Rac1 Be6 19. Bg4 Bxg4 20. hxg4 Rd8 21.
c5 f6 22. c6 bxc6 23. Rxc6 Rf7 24. Nd5 Ra7 25. b4 Rb8 26. a4 Kf7 27. Rdc1 h6
28. Kf1 Ke6 29. Ke2 g6 30. Rh1 Rh7 31. Rxa6 f5 32. gxf5+ gxf5 33. f3 h5 34. b5
h4 35. b6 fxe4 36. fxe4 Nf6 37. Ra7 Rxb6 38. Rxh7 Rb2+ 39. Kd3 Nxh7 40. Rxh4
Ng5 41. Rg4 Nf7 42. a5 Ra2 43. a6 Nd8 44. Rg7 Nc6 45. g4 Rxa6 46. g5 Ra3+ 47.
Kd2 Ra2+ 48. Ke3 Ra3+ 49. Kf2 Ra7 50. Nc7+ Rxc7 51. Rxc7 Ne7 52. Kf3 Ng6 53.
Kg4 Nf4 54. Ra7 Ng6 55. Kh5 Nf4+ 56. Kh6 d5 57. Ra6+ Ke7 58. g6 Nxg6 59. Kxg6
1-0

[Event "Ronne Jubilaum"]
[Site "Ronne"]
[Date "2001.06.29"]
[Round "8"]
[White "Andersen, Kaare Vissing"]
[Black "Christiansen, Erling Molbaek"]
[Result "1/2-1/2"]
[WhiteElo "2312"]
[BlackElo "1928"]
[PlyCount "67"]
[EventDate "2001.??.??"]
[EventType "swiss"]
[EventRounds "9"]
[EventCountry "DEN"]
[SourceDate "2005.12.01"]

1. e4 e5 2. Nf3 Nc6 3. Bb5 Nd4 4. Nxd4 exd4 5. O-O Bc5 6. d3 Ne7 7. Bg5 O-O 8.
Bc4 d6 9. Qh5 Be6 10. Qh4 Re8 11. Bxe6 fxe6 12. Nd2 Qd7 13. Bxe7 Rxe7 14. f4
Rf8 15. Nf3 h6 16. Qg3 Qe8 17. Nh4 Kh7 18. Qg4 Bb6 19. g3 c5 20. b3 Bd8 21. Nf3
Ref7 22. Kg2 g6 23. h4 e5 24. fxe5 dxe5 25. Nd2 b5 26. Qc8 Rc7 27. Rxf8 Qxf8
28. Qe6 Qg7 29. Rf1 Qe7 30. Qd5 Qe8 31. Nf3 Bf6 32. g4 Bg7 33. g5 h5 34. Nd2
1/2-1/2

[Event "Ronne Jubilaum"]
[Site "Ronne"]
[Date "2001.06.29"]
[Round "8"]
[White "Carlsen, Magnus"]
[Black "Baekgaard, Martin"]
[Result "1/2-1/2"]
[WhiteElo "2288"]
[BlackElo "2270"]
[PlyCount "102"]
[EventDate "2001.??.??"]
[EventType "swiss"]
[EventRounds "9"]
[EventCountry "DEN"]
[SourceDate "2005.12.01"]

1. e4 e6 2. d4 d5 3. Nd2 Be7 4. Ngf3 Nf6 5. Bd3 c5 6. dxc5 dxe4 7. Nxe4 Nxe4 8.
Bxe4 Qxd1+ 9. Kxd1 Bxc5 10. Ke2 Nd7 11. Be3 Ke7 12. c4 a5 13. Bd2 Nf6 14. Bc2
b6 15. Rhd1 Bb7 16. Ba4 Rhd8 17. Rac1 Rac8 18. Bg5 h6 19. Be3 Bxe3 20. Kxe3
Rxd1 21. Bxd1 Ng4+ 22. Ke2 Bxf3+ 23. gxf3 Ne5 24. h3 Kd6 25. Rc2 Rc5 26. Ke3
Nc6 27. f4 g5 28. Rd2+ Ke7 29. fxg5 Re5+ 30. Kf4 Rf5+ 31. Ke3 Re5+ 32. Kf4 Rxg5
33. Bf3 Nb4 34. b3 Na6 35. Bc6 Rc5 36. Rd7+ Kf6 37. Bb5 Nc7 38. a4 Nxb5 39.
axb5 a4 40. bxa4 Rxc4+ 41. Kg3 Rxa4 42. Rd6 Ke5 43. Rxb6 Ra3+ 44. Kg2 Rb3 45.
Rb8 Kf4 46. b6 f5 47. b7 e5 48. Rh8 Rxb7 49. Rxh6 Rg7+ 50. Kf1 e4 51. Rh4+ Ke5
1/2-1/2

[Event "Ronne Jubilaum"]
[Site "Ronne"]
[Date "2001.06.29"]
[Round "8"]
[White "Eriksson, Magnus"]
[Black "Poulsen, Morten Kjar"]
[Result "1/2-1/2"]
[WhiteElo "2290"]
[BlackElo "1785"]
[PlyCount "49"]
[EventDate "2001.??.??"]
[EventType "swiss"]
[EventRounds "9"]
[EventCountry "DEN"]
[SourceDate "2005.12.01"]

1. d4 d5 2. c4 e6 3. Nc3 Be7 4. Nf3 Nf6 5. Bg5 O-O 6. e3 Nbd7 7. Qb3 dxc4 8.
Bxc4 a6 9. a4 c5 10. a5 b5 11. axb6 Qxb6 12. Qxb6 Nxb6 13. Be2 cxd4 14. Nxd4
Bb7 15. O-O h6 16. Bh4 Nfd5 17. Bxe7 Nxe7 18. Na4 Nxa4 19. Rxa4 Rfd8 20. h3 Rd6
21. Rfa1 Rb6 22. R1a2 Bd5 23. Rxa6 Raxa6 24. Rxa6 Rxb2 25. Bf3 1/2-1/2

[Event "Ronne Jubilaum"]
[Site "Ronne"]
[Date "2001.06.29"]
[Round "8"]
[White "Andersen, Rune"]
[Black "Grahn, Lars"]
[Result "0-1"]
[WhiteElo "2298"]
[BlackElo "2100"]
[PlyCount "106"]
[EventDate "2001.??.??"]
[EventType "swiss"]
[EventRounds "9"]
[EventCountry "DEN"]
[SourceDate "2005.12.01"]

1. d4 d5 2. e4 e6 3. Nd2 dxe4 4. Nxe4 Nf6 5. Nxf6+ gxf6 6. Bd3 b6 7. Be4 c6 8.
Ne2 Bb7 9. Bd2 Nd7 10. c4 f5 11. Bc2 Rg8 12. Nf4 Bd6 13. Qe2 Qf6 14. O-O-O Rg4
15. g3 O-O-O 16. f3 Rgg8 17. Be3 Rge8 18. Qf2 Nf8 19. Rhe1 Ng6 20. Nd3 f4 21.
Bd2 Ba6 22. Bb3 Bc7 23. d5 cxd5 24. Nb4 Bxc4 25. Ba4 Rg8 26. g4 Rd6 27. b3 a5
28. bxc4 axb4 29. Kb1 dxc4 30. Bxb4 Rxd1+ 31. Rxd1 Rd8 32. Rxd8+ Qxd8 33. Bc2
h6 34. Qe2 Ne5 35. Qe4 Qd5 36. Qxf4 Nd3 37. Qd2 Qxf3 38. Bxd3 Qxd3+ 39. Qxd3
cxd3 40. h3 Bf4 41. a4 e5 42. Bd6 Kd7 43. Bb8 Kc6 44. Kb2 Kb7 45. Bd6 Ka6 46.
Kc3 d2 47. Kc2 Ka5 48. Bc7 Kxa4 49. Bxb6 e4 50. Bd4 e3 51. Bc3 Kb5 52. Kd1 Kc4
53. Ba5 Kd3 0-1

[Event "Ronne Jubilaum"]
[Site "Ronne"]
[Date "2001.06.29"]
[Round "8"]
[White "Rorvik, Jon F"]
[Black "Hornsgaard, Jens Boe"]
[Result "1-0"]
[WhiteElo "2174"]
[BlackElo "1902"]
[PlyCount "113"]
[EventDate "2001.??.??"]
[EventType "swiss"]
[EventRounds "9"]
[EventCountry "DEN"]
[SourceDate "2005.12.01"]

1. c4 Nf6 2. Nc3 e6 3. e4 c5 4. g3 Nc6 5. Bg2 a6 6. Nge2 Qc7 7. d3 Be7 8. h3
O-O 9. O-O Rb8 10. a4 b6 11. Be3 Bb7 12. f4 d6 13. g4 Rfe8 14. Qd2 Nb4 15. g5
Nd7 16. Bf2 Bc6 17. d4 cxd4 18. Nxd4 Ba8 19. b3 Nc5 20. Rab1 e5 21. fxe5 dxe5
22. Nf5 Ncd3 23. Nxe7+ Qxe7 24. Be3 Red8 25. Nd5 Bxd5 26. cxd5 Rdc8 27. Qe2 Rc2
28. Qg4 Ra2 29. Rfd1 Qc7 30. Rd2 Rxd2 31. Bxd2 Qc5+ 32. Kh2 Qc2 33. Qd1 Rc8 34.
Bxb4 Qxd1 35. Rxd1 Nxb4 36. Bf1 Kf8 37. Bc4 Ke8 38. Rf1 Rd8 39. Rf5 Rd7 40.
Rxe5+ Re7 41. Rxe7+ Kxe7 42. Kg3 Kd6 43. Kf4 Kc5 44. Be2 b5 45. axb5 axb5 46.
Ke5 Na6 47. Bh5 g6 48. Be2 Nc7 49. Kf6 Ne8+ 50. Ke5 b4 51. h4 Nd6 52. Bd3 Ne8
53. Bb1 Nd6 54. Kf6 Kd4 55. e5 Nb7 56. d6 Kd5 57. Bd3 1-0

[Event "Ronne Jubilaum"]
[Site "Ronne"]
[Date "2001.06.29"]
[Round "8"]
[White "Almind, Heinrich Dalsgaard"]
[Black "Tairova, Elena"]
[Result "1/2-1/2"]
[WhiteElo "2238"]
[BlackElo "1800"]
[PlyCount "137"]
[EventDate "2001.??.??"]
[EventType "swiss"]
[EventRounds "9"]
[EventCountry "DEN"]
[SourceDate "2005.12.01"]

1. d4 e6 2. Bf4 d5 3. Nf3 Nf6 4. e3 c5 5. c3 Nc6 6. Nbd2 c4 7. b3 cxb3 8. axb3
Bd6 9. Bg3 O-O 10. Bd3 Qc7 11. Rc1 e5 12. dxe5 Nxe5 13. Bb1 Bg4 14. Qc2 g6 15.
Nd4 Bd7 16. O-O Nh5 17. e4 Nxg3 18. hxg3 Bc6 19. exd5 Bxd5 20. c4 Bc6 21. Nxc6
Nxc6 22. Ne4 Be5 23. f4 Bg7 24. Kh2 Nd4 25. Qd3 Rad8 26. b4 Qe7 27. c5 Qe6 28.
Nd6 Qg4 29. Rce1 Qh5+ 30. Kg1 Nf5 31. Re4 b6 32. Bc2 Qg4 33. Kf2 Nxd6 34. cxd6
Qd7 35. Rd1 Rfe8 36. Rxe8+ Rxe8 37. Qa6 Qe6 38. d7 Qe3+ 39. Kf1 Rd8 40. Qc4 Bf6
41. b5 Kg7 42. Rd3 Qc5 43. Qxc5 bxc5 44. Rd5 Bd4 45. Rd6 Kf8 46. b6 Ke7 47. Rc6
axb6 48. Rxb6 Rxd7 49. Rc6 Ra7 50. Ke2 Kd7 51. Rb6 c4 52. Rb4 Rc7 53. Kf3 f5
54. g4 fxg4+ 55. Kxg4 Kd6 56. Ra4 Kd5 57. f5 gxf5+ 58. Bxf5 c3 59. Ra2 Be3 60.
Kf3 Bc1 61. Rc2 Bd2 62. g4 Re7 63. Kf2 Kd4 64. Kf3 h6 65. Ra2 Re3+ 66. Kf2 Re7
67. Ra4+ Kc5 68. Bd3 Be3+ 69. Ke2 1/2-1/2

[Event "Ronne Jubilaum"]
[Site "Ronne"]
[Date "2001.06.29"]
[Round "8"]
[White "Blum, Thomas"]
[Black "Moller, Morten Kock"]
[Result "1/2-1/2"]
[WhiteElo "2117"]
[BlackElo "1859"]
[PlyCount "38"]
[EventDate "2001.??.??"]
[EventType "swiss"]
[EventRounds "9"]
[EventCountry "DEN"]
[SourceDate "2005.12.01"]

1. c4 Nc6 2. g3 e5 3. Bg2 f5 4. e3 Nf6 5. Ne2 g6 6. d4 e4 7. Nbc3 Bg7 8. a3 a5
9. Nf4 O-O 10. O-O d6 11. Na4 Qe7 12. Bd2 Qf7 13. Qc2 g5 14. Ne2 Qg6 15. f4
exf3 16. Bxf3 Bd7 17. b4 axb4 18. axb4 Ne4 19. b5 Ne7 1/2-1/2

[Event "Ronne Jubilaum"]
[Site "Ronne"]
[Date "2001.06.29"]
[Round "8"]
[White "Munch, Anders"]
[Black "Kraft, Rene"]
[Result "1-0"]
[WhiteElo "1857"]
[BlackElo "1627"]
[PlyCount "105"]
[EventDate "2001.??.??"]
[EventType "swiss"]
[EventRounds "9"]
[EventCountry "DEN"]
[SourceDate "2005.12.01"]

1. d4 d5 2. c4 c6 3. Nf3 Nf6 4. Nc3 Ne4 5. e3 e6 6. Nxe4 dxe4 7. Nd2 Bb4 8. Qg4
O-O 9. Qxe4 f5 10. Qc2 f4 11. exf4 Rxf4 12. a3 Bxd2+ 13. Bxd2 Rxd4 14. Bc3 Rf4
15. Bd3 Rh4 16. g3 Rh5 17. O-O-O Qe7 18. f4 Na6 19. Qe2 Rh6 20. Kb1 Bd7 21. Qe5
Rf8 22. Be4 b6 23. Qxg7+ Qxg7 24. Bxg7 Kxg7 25. Rxd7+ Rf7 26. Rxf7+ Kxf7 27.
Bxc6 Rh5 28. b4 Nb8 29. Bf3 Rh6 30. Kc2 Kf6 31. Kc3 e5 32. fxe5+ Kxe5 33. Re1+
Kf5 34. Re8 Nd7 35. Re7 Ne5 36. Bd1 Rxh2 37. Rxh7 Rxh7 38. Bc2+ Kg4 39. Bxh7
Kxg3 40. Kd4 Kf4 41. Kd5 Nf3 42. c5 bxc5 43. bxc5 Ne5 44. a4 Nd7 45. Kd6 Nb8
46. a5 Ke3 47. c6 Na6 48. Bf5 Kd4 49. Bc8 Nb4 50. Be6 Na6 51. Bg4 Nc5 52. c7
Ne4+ 53. Ke7 1-0

[Event "Ronne Jubilaum"]
[Site "Ronne"]
[Date "2001.06.29"]
[Round "8"]
[White "Svanholm, Borge"]
[Black "Evensen, Tom Richard"]
[Result "1/2-1/2"]
[WhiteElo "1712"]
[BlackElo "1838"]
[PlyCount "58"]
[EventDate "2001.??.??"]
[EventType "swiss"]
[EventRounds "9"]
[EventCountry "DEN"]
[SourceDate "2005.12.01"]

1. c4 c6 2. g3 d5 3. cxd5 cxd5 4. Bg2 Nf6 5. Nf3 Nc6 6. O-O e6 7. d4 Be7 8. Nc3
O-O 9. Bg5 h6 10. Bxf6 Bxf6 11. Rc1 Bd7 12. e3 Rc8 13. Qd2 Na5 14. b3 Be7 15.
Nb1 Qb6 16. Rxc8 Rxc8 17. Rc1 Rc7 18. Rxc7 Qxc7 19. Bf1 Nc6 20. Qc2 Qa5 21. Qb2
b5 22. Be2 b4 23. Ne1 Qb6 24. Bd3 Bc8 25. Nd2 Ba6 26. Kf1 Bb5 27. Nef3 Bd6 28.
Ne5 Bxd3+ 29. Nxd3 Nb8 1/2-1/2

[Event "Ronne Jubilaum"]
[Site "Ronne"]
[Date "2001.06.29"]
[Round "8"]
[White "Cordes, Till"]
[Black "Holstein Ratlau, Claus Hoeg"]
[Result "1/2-1/2"]
[WhiteElo "1431"]
[BlackElo "1827"]
[PlyCount "71"]
[EventDate "2001.??.??"]
[EventType "swiss"]
[EventRounds "9"]
[EventCountry "DEN"]
[SourceDate "2005.12.01"]

1. e4 c5 2. Nf3 Nc6 3. d3 d6 4. Nbd2 g6 5. g3 Bg7 6. Bg2 e6 7. O-O Nge7 8. Re1
O-O 9. Nf1 Rb8 10. c3 b5 11. d4 b4 12. e5 dxe5 13. Nxe5 Nxe5 14. dxe5 Qxd1 15.
Rxd1 bxc3 16. bxc3 Bxe5 17. Bh6 Re8 18. Rac1 Rb2 19. a3 Rb3 20. Ne3 Rxc3 21.
Ng4 Rxc1 22. Rxc1 Bg7 23. Bxg7 Kxg7 24. Rxc5 Nd5 25. Ne5 f6 26. Bxd5 exd5 27.
Rc7+ Kg8 28. Nd7 Re1+ 29. Kg2 Bxd7 30. Rxd7 Rd1 31. Rxa7 d4 32. a4 d3 33. Kf3
Ra1 34. Rd7 Ra3 35. Ke3 Rxa4 36. Kxd3 1/2-1/2

[Event "Ronne Jubilaum"]
[Site "Ronne"]
[Date "2001.06.29"]
[Round "8"]
[White "Knudsen, Jesper"]
[Black "Petersen, Jan"]
[Result "0-1"]
[WhiteElo "1617"]
[BlackElo "1742"]
[PlyCount "94"]
[EventDate "2001.??.??"]
[EventType "swiss"]
[EventRounds "9"]
[EventCountry "DEN"]
[SourceDate "2005.12.01"]

1. e4 e5 2. Nf3 Nc6 3. Bb5 Bc5 4. Nxe5 Qg5 5. Nf3 Qxg2 6. Rf1 Nd4 7. Nxd4 Bxd4
8. Qe2 c6 9. c3 Bf6 10. Bc4 d6 11. f3 Bh3 12. Qxg2 Bxg2 13. Rg1 Bxf3 14. d3 d5
15. exd5 Bxd5 16. Bxd5 cxd5 17. Be3 b6 18. a4 O-O-O 19. Bg5 Bxg5 20. Rxg5 g6
21. Na3 Nh6 22. Nb5 Rhe8+ 23. Kd2 f6 24. Rgg1 a6 25. Nd4 Kd7 26. Raf1 f5 27. h3
Re7 28. b4 Rde8 29. Rg3 Nf7 30. b5 axb5 31. axb5 Ra8 32. Kc2 Nd6 33. h4 Ra2+
34. Kb3 Rh2 35. Ra1 Nc8 36. Nf3 Re3 37. d4 f4 38. Nxh2 Rxg3 39. Rf1 Rh3 40. Ng4
Rxh4 41. Rxf4 Ke7 42. c4 g5 43. Rf5 Rxg4 44. Rxd5 Nd6 45. c5 bxc5 46. dxc5 Nxb5
47. c6 Nd4+ 0-1